000
00343nam a2200145Ia 4500
008
260601s2010 xx 000 0 und d
020
_a
978-0-670-92160-7
041
_a
eng
082
_a
658.11/RIE
100
_a
RIES ERIC
245
_a
THE LEAN STARTUP
260
_a
UK
_b
PENGUIN RANDOM HOUSE
_c
2010
300
_a
P.B,320
650
_a
MBA
999
_c
1222308
_d
1222308